000 004320000a22001450004500
090 _aAR
_b00017
245 1 0 _aGlaciation an isolating factor in speciation
650 1 4 _aEcología evolutiva
_992793
650 1 4 _aBiogeografía
_992747
650 1 4 _aGlaciaciones
_992794
041 0 _aInglés
100 1 _aRand, A. L.
_992795
942 _cARTICULO
773 1 _tEvolution: International Journal of Organic Evolution
_311
_h2
_q314-321
_d1948
999 _c9120
_d9120